The Dacca law reports : table of cases of all courts civil and criminal. Volume XI.

التفاصيل البيبلوغرافية
التنسيق: كتاب
اللغة:English
منشور في: Dacca [Bangladesh] : Dacca Law Reports, 1959.
الموضوعات:
Classic Catalogue: View this record in Classic Catalogue
LEADER 01454nam a2200301 a 4500
001 0020898
003 BD-DhAAL
008 100927s1959 bg w 000 0 eng d
040 |a BD-DhAAL  |c BD-DhAAL 
082 0 0 |a 348.5492046  |2 22 
130 0 |a DLR 
245 0 4 |a The Dacca law reports :  |b table of cases of all courts civil and criminal.  |n Volume XI. 
246 1 7 |a The Dhaka Law Reports. 
260 |a Dacca [Bangladesh] :  |b Dacca Law Reports,  |c 1959. 
300 |a vii, 442, 543, 148 p. :  |c 25 cm 
362 0 |a Vol. 11 (1959) 
500 |a "A journal of law reports." 
500 |a Latest issue consulted: Vol.XI, January to December,1959 
526 |a SOL  |x Saira Rahman Khan, Associate Professor School of Law BRAC University 
541 |e 0020898, 0022289  |a Anupam Gyan Bhandar 
590 |a Published yearly. 
650 0 |a Law reports, digests, etc.  |z Bangladesh. 
650 0 |a Law reports, digests, etc.  |z India  |z Bengal. 
852 4 |a Ayesha Abed Library 
942 0 0 |0 1  |2 ddc  |c 1HOUR 
999 |c 10654  |d 10654 
952 |0 0  |1 0  |2 ddc  |4 0  |6 348_549204600000000_DAC  |7 0  |8 REF  |9 16021  |a BRACUL  |b BRACUL  |c REF  |d 2011-04-07  |l 0  |o 348.5492046 DAC  |p 3010022289  |r 2011-04-07  |t 2  |w 2011-04-07  |y 1HOUR 
952 |0 0  |1 0  |2 ddc  |4 0  |6 348_549204600000000_DAC  |7 0  |8 REF  |9 23966  |a BRACUL  |b BRACUL  |c REF  |d 2014-03-18  |e Anupam Gyan Bhandar  |l 6  |o 348.5492046 DAC  |p 3010020898  |r 2017-02-15  |s 2017-02-15  |t 1  |w 2014-03-18  |y 1HOUR  |x Requisitioned by Saira Rahman Khan, Associate Professor, School of Law, BRAC University.